[Event "Quebec op"]
[Site "Montreal"]
[Date "1987.08.01"]
[Round "7"]
[White "Hoddy, Joseph"]
[Black "Wenaas, Eric"]
[Result "0-1"]
[WhiteElo "1640"]
[BlackElo "1751"]
[PlyCount "114"]
[EventDate "1987.07.26"]
[EventType "swiss"]
[EventRounds "8"]
[EventCountry "CAN"]
[SourceTitle "EXT 2022"]
[Source "ChessBase"]
[SourceDate "2021.10.06"]
[SourceVersion "1"]
[SourceVersionDate "2021.10.06"]
[SourceQuality "1"]

1. e4 c5 2. f4 d5 3. exd5 Qxd5 4. Nc3 Qd8 5. Nf3 Nc6 6. Be2 Nf6 7. d3 Bf5 8. Be3 e6 9. 0-0 Be7 10. Nh4 Bg6 11. Nxg6 hxg6 12. Ne4 Nd4 13. c3 Nxe2+ 14. Qxe2 Qc7 15. Rad1 Nd5 16. Bc1 0-0-0 17. g4 Rh4 18. Rf2 Rdh8 19. c4 Nf6 20. Nxf6 Bxf6 21. Be3 g5 22. Rdf1 Rh3 23. fxg5 Rxe3 24. Qxe3 Bd4 25. Qg3 Qxg3+ 26. hxg3 Kd7 27. Kg2 Bxf2 28. Rxf2 Ke7 29. a3 Rd8 30. Rd2 Rd4 31. Kf3 e5 32. b4 b6 33. bxc5 bxc5 34. a4 e4+ 35. Ke3 exd3 36. Rxd3 Rxc4 37. Rd5 Ke6 38. Rd8 Rxa4 39. Ra8 a5 40. Ra6+ Ke5 41. g6 f5 42. Ra7 Rxg4 43. Rxg7 Kf6 44. Ra7 Rxg3+ 45. Kf2 Rxg6 46. Rxa5 c4 47. Ra6+ Kg5 48. Ra4 Rc6 49. Ke3 c3 50. Ra1 c2 51. Rg1+ Kh4 52. Kd2 c1Q+ 53. Rxc1 Rxc1 54. Kxc1 Kg3 55. Kd2 f4 56. Ke1 Kg2 57. Ke2 f3+ 0-1